Sociological aspects of economic growth

Gorde:
Xehetasun bibliografikoak
Egile nagusia: Hoselitz, Bert F (Egilea)
Formatua: Liburua
Hizkuntza:ingelesa
Argitaratua: Nueva York Free Press 1960
Saila:Current Thought Series, 6
Gaiak:
Etiketak: Etiketa erantsi
Etiketarik gabe, Izan zaitez lehena erregistro honi etiketa jartzen!

MARC

LEADER 00000nam a2200000 a 4500
001 UCQ1208
003 CL-VaPUC
008 980709e19600000US |||||||||||||||||eng|d
082 0 4 |a 303.44  |b HOS  |2 21 
100 |a Hoselitz, Bert F  |e author  |9 414936 
245 1 0 |a Sociological aspects of economic growth 
300 |a 114 p 
942 |c BK 
945 |d 19980709 00:00:00  |a crobeson 
260 |a Nueva York  |b Free Press  |c 1960 
500 |a Adaptación del texto original 
650 0 |a Cambio social   |9 256857 
650 0 |a Desarrollo económico y social   |9 256320 
650 0 |a Crecimiento económico   |9 314037 
650 0 |a Sociología del cambio   |9 337801 
650 7 |a SOCIOLOGIA INDUSTRIAL  |2 CL-VaPUC  |9 307184 
650 0 |a Desarrollo industrial  |9 322675 
650 7 |a DESARROLLO URBANO  |2 CL-VaPUC  |9 414899 
583 |a last modification  |c 19980709 00:00:00  |k Rodrigo Vera 
490 0 |a Current Thought Series, 6 
999 |c 272212  |d 272210